00671 2200229 4500001002100000005001700021008004100038035002400079082001200103090001900115100004100134245010500175250001100280260003100291300001800322650003000340700002300370850001200393980001500405985000600420999001500426YOGYA-0209000006572020090227091832.0 ind  0010-020900000065720 a615.852 a615.852bMun K aAL-MUNAJJID, Muhammad Shalih, Syaikh aKeluhan manusiawi dan terapi IslamcSyaikh Muhammad Shalih Al-Munajjid ; penerjemah Muqimuddin Saleh aCet. 1 aSolobPustaka mantiqc1995 a84 hlmc16 cm aPenyembuhan - Aspek agama aShaleh, Muqimuddin aYOPDYOG a18-11-2008 a1 a98P0110851